Central Library OPAC University of Rajshahi

Road to Kashmir / (Record no. 26614)

MARC details
000 -LEADER
fixed length control field 00722cam a22002531 4500
001 - CONTROL NUMBER
control field 26614
003 - CONTROL NUMBER IDENTIFIER
rucl marc code BD-RjUL
005 - DATE AND TIME OF LATEST TRANSACTION
control field 20211209051037.0
008 - FIXED-LENGTH DATA ELEMENTS--GENERAL INFORMATION
fixed length control field 140323s1948 pk cb 000 0 eng
035 ## - SYSTEM CONTROL NUMBER
System control number (BD-RjUL)26684
System control number (OCoLC)935871
040 ## - CATALOGING SOURCE
Original cataloging agency DLC
Transcribing agency NSyU
Modifying agency DLC
-- BD-RjUL
Language of cataloging eng
041 ## - LANGUAGE CODE
Language code of text/sound track or separate title eng
082 ## - DEWEY DECIMAL CLASSIFICATION NUMBER
Classification number 954.6
Author mark and year DER 1948
100 1# - MAIN ENTRY--PERSONAL NAME
Personal name De Mhaffe, A.
9 (RLIN) 81815
245 10 - TITLE STATEMENT
Title Road to Kashmir /
Statement of responsibility, etc. by A. De Mhaffe.
260 ## - PUBLICATION, DISTRIBUTION, ETC. (IMPRINT)
Place of publication, distribution, etc. Lahore :
Name of publisher, distributor, etc. Ripon Print. Press,
Date of publication, distribution, etc. 1948.
300 ## - PHYSICAL DESCRIPTION
Pagination xxiii, 206 p. :
Size 22 cm.
Illustrations Port., map ;
500 ## - GENERAL NOTE
General note Errata slip inserted.
651 #0 - SUBJECT ADDED ENTRY--GEOGRAPHIC NAME
Geographic name Jammu and Kashmir (India)
General subdivision Politics and government.
9 (RLIN) 81816
942 ## - ADDED ENTRY ELEMENTS (KOHA)
Source of classification or shelving scheme Dewey Decimal Classification
Koha item type Books
Holdings
Lost status Source of classification or shelving scheme Damaged status Not for loan Collection code Permanent Location Current Location Shelving location Date acquired Source of acquisition Cost, normal purchase price Total Checkouts Full call number Date last seen Copy number Koha item type
  Dewey Decimal Classification   Added to bundle Non-fiction Central Library, University of Rajshahi Central Library, University of Rajshahi Reading Room 23/01/1967 Royal Book Co. 8.50   954.6 DER 1948 23/03/2014 C-1 Books
  Dewey Decimal Classification     Non-fiction Central Library, University of Rajshahi Central Library, University of Rajshahi   23/01/1967 Royal Book Co. 8.50   954.6 DER 1948 23/03/2014 C-3 Books
  Dewey Decimal Classification     Non-fiction Central Library, University of Rajshahi Central Library, University of Rajshahi General Stacks 23/04/1967       954.6 DER 1948 07/12/2024 C-2 Books